000 00731nam a22001817a 4500
005 20260416115508.0
008 240814b ||||| |||| 00| 0 eng d
082 _22023
_aUT
100 _aGuioguio, Real Anthony B.
_957587
245 _aDigos city consumers' willingness-to-accept rabbit meat as pork alternative /
_cReal Anthony B. Guioguio, Lara Loraine Delos Reyes, and Joshua Tubiano
260 _aDigos City :
_bUMDC,
_c©June 2023.
300 _aix, 57 pages :
_c30 cm.
_billustrations (some colors) :
500 _aIncludes references and appendices.
650 _aMarketing Management.
_xUndergraduate Thesis.
_957491
700 _aDelos Reyes, Lara Loraine.
_957588
700 _aTubiano, Joshua.
_957589
942 _2ddc
_cUT
999 _c20403
_d20403